000
00297nam a22001337a 4500
008
181102b xxu||||| |||| 00| 0 eng d
020
_a
9780835904100
041
_a
eng
080
_a
941
100
_a
17
101
_a
HIS
245
_a
African American Experience
_c
Harley, Sh
942
_2
udc
_c
BK
999
_c
51655
_d
51655